Aspects psychopathologiques et itinéraire thérapeutique d’un «Dji Kui » dans l’aire culturelle Adja (Togo-Bénin) (notice n° 1758795)

détails MARC
000 -LEADER
fixed length control field 02309cam a2200373 4500500
005 - DATE AND TIME OF LATEST TRANSACTION
control field 20260322010721.0
041 ## - LANGUAGE CODE
Language code of text/sound track or separate title fre
042 ## - AUTHENTICATION CODE
Authentication code dc
100 10 - MAIN ENTRY--PERSONAL NAME
Personal name Soedje, Kokou Messanh Agbemele
Relator term author
245 00 - TITLE STATEMENT
Title Aspects psychopathologiques et itinéraire thérapeutique d’un «Dji Kui » dans l’aire culturelle Adja (Togo-Bénin)
260 ## - PUBLICATION, DISTRIBUTION, ETC.
Date of publication, distribution, etc. 2014.<br/>
500 ## - GENERAL NOTE
General note 99
520 ## - SUMMARY, ETC.
Summary, etc. Le travail que nous présentons est une tentative de description des caractéristiques cognitives de la personnalité résiliente chez les victimes du terrorisme dans la wilaya de Tlemcen en Algérie. Le but de cette recherche est de connaitre leurs qualités de planification en plus de leurs compétences cognitives, cela à l’aide du test de la tour de Hanoï. Le principal résultat de cette étude a montré que les sujets résilients ont eu l’habitude de bénéficier de leurs expériences de vie pour pouvoir affronter les problèmes et les situations de vie difficiles telles que la condamnation à mort par les terroristes.
520 ## - SUMMARY, ETC.
Summary, etc. The work chat we présent is an attempt to describe the cognitive characteristics of resilient personality among victims of terrorism in the city of Tlemcen in Algeria The purpose of this research is to know their planning competencies in addition to their cognitive skills. This with the test of the Tower of Hanoi. The main result of this study showed that resilient subjects had used to benefit from their life experiences in order to face the difficult problems and life situations such as the death sentence by terrorists.
690 ## - LOCAL SUBJECT ADDED ENTRY--TOPICAL TERM (OCLC, RLIN)
Topical term or geographic name as entry element Adja
690 ## - LOCAL SUBJECT ADDED ENTRY--TOPICAL TERM (OCLC, RLIN)
Topical term or geographic name as entry element culture
690 ## - LOCAL SUBJECT ADDED ENTRY--TOPICAL TERM (OCLC, RLIN)
Topical term or geographic name as entry element état limite
690 ## - LOCAL SUBJECT ADDED ENTRY--TOPICAL TERM (OCLC, RLIN)
Topical term or geographic name as entry element Mort
690 ## - LOCAL SUBJECT ADDED ENTRY--TOPICAL TERM (OCLC, RLIN)
Topical term or geographic name as entry element Togo-Bénin
690 ## - LOCAL SUBJECT ADDED ENTRY--TOPICAL TERM (OCLC, RLIN)
Topical term or geographic name as entry element Adja
690 ## - LOCAL SUBJECT ADDED ENTRY--TOPICAL TERM (OCLC, RLIN)
Topical term or geographic name as entry element borderline states
690 ## - LOCAL SUBJECT ADDED ENTRY--TOPICAL TERM (OCLC, RLIN)
Topical term or geographic name as entry element culture
690 ## - LOCAL SUBJECT ADDED ENTRY--TOPICAL TERM (OCLC, RLIN)
Topical term or geographic name as entry element death
690 ## - LOCAL SUBJECT ADDED ENTRY--TOPICAL TERM (OCLC, RLIN)
Topical term or geographic name as entry element Togo-Bénin
700 10 - ADDED ENTRY--PERSONAL NAME
Personal name Aza-Gnadji, Guy Gérard
Relator term author
700 10 - ADDED ENTRY--PERSONAL NAME
Personal name Djidonou, Anselme
Relator term author
700 10 - ADDED ENTRY--PERSONAL NAME
Personal name Anaganou, Lucrèce
Relator term author
700 10 - ADDED ENTRY--PERSONAL NAME
Personal name Gansou, Grégoire Magloire
Relator term author
700 10 - ADDED ENTRY--PERSONAL NAME
Personal name Dassa, Kolou Simliwa
Relator term author
700 10 - ADDED ENTRY--PERSONAL NAME
Personal name Tognidé, Mathieu C.
Relator term author
700 10 - ADDED ENTRY--PERSONAL NAME
Personal name Ezin-Houngbe, Josiane
Relator term author
786 0# - DATA SOURCE ENTRY
Note Psy Cause | 67 | 3 | 2014-01-19 | p. 42-45 | 1245-2394
856 41 - ELECTRONIC LOCATION AND ACCESS
Uniform Resource Identifier <a href="https://shs.cairn.info/revue-psy-cause-2014-3-page-42?lang=fr&redirect-ssocas=7080">https://shs.cairn.info/revue-psy-cause-2014-3-page-42?lang=fr&redirect-ssocas=7080</a>

Pas d'exemplaire disponible.

PLUDOC

PLUDOC est la plateforme unique et centralisée de gestion des bibliothèques physiques et numériques de Guinée administré par le CEDUST. Elle est la plus grande base de données de ressources documentaires pour les Étudiants, Enseignants chercheurs et Chercheurs de Guinée.

Adresse

627 919 101/664 919 101

25 boulevard du commerce
Kaloum, Conakry, Guinée

Réseaux sociaux

Powered by Netsen Group @ 2025